Schnelle Mathematik: Vielfachen von 11 - Statistiken

Allgemein
  • Dieses Quiz wurde 409 mal gespielt
  • Das Durchschnittsergebnis liegt bei 10 aus 10
Antwortstatistiken
Hint Antwort % Korrekt
1*11 11
100%
2*11 22
100%
3*11 33
99%
4*11 44
99%
5*11 55
99%
6*11 66
99%
7*11 77
99%
8*11 88
99%
9*11 99
99%
10*11 110
87%
Keine übereinstimmenden Quizze gefunden
Verteilung der Resultate
Anzahl Personen mit jedem Resultat
Perzentil nach korrekt beantworteten Fragen
Ihre Resultats-Entwicklung
Sie haben dieses Quiz noch nicht gespielt